Normal view MARC view
  • Sheldon, E. A.

Entry Nombre Personal

Number of records used in: 2

001 - NUMERO DE CONTROL

  • campo de control: 49019

003 - IDENTIFICADOR DE NUMERO DE CONTROL

  • campo de control: DLC

005 - FECHA Y HORA DE LA ÜLTIMA TRANSACCIÓN

  • campo de control: 20230525101135.0

008 - DATOS DE LONGITUD FIJA

  • campo de control de longitud fija: 931130n| acannaab| |a aaa c

010 ## - NÚMERO DE CONTROL DE LA BIBLIOTECA DEL CONGRESO

  • Número de control LC: nr 93049338

040 ## - FUENTE DE CATALOGACIÓN

  • Agencia original de catalogación: MWA
  • Lenguaje de catalogación: spa
  • Agencia de transcripción: MWA
  • Agencia que lo modifica: MX-MxUPN

100 1# - ENCABEZAMIENTO - NOMBRE PERSONAL

  • Nombre personal: Sheldon, E. A.
  • Fuller form of name: (Edward Austin),
  • Fechas asociadas con el nombre: 1823-1897

400 10 - VEÁSE - NOMBRE DE PERSONA

  • Control subfield: nna
  • Personal name: Sheldon, Edward Austin,
  • Dates associated with a name: 1823-1897

670 ## - FUENTE EN LA QUE SE LOCALIZARON DATOS

  • Cita de la fuente: The second reader, 1873:
  • Información localizada: portada (E.A. Sheldon, author of Elementary instruction, and Lessons on objects)

670 ## - FUENTE EN LA QUE SE LOCALIZARON DATOS

  • Cita de la fuente: LC in RLIN, 11/30/93
  • Información localizada: (hdg.: Sheldon, Edward Austin, 1823-1897)

670 ## - FUENTE EN LA QUE SE LOCALIZARON DATOS

  • Cita de la fuente: MWA/NAIP files
  • Información localizada: (hdg.: Sheldon, E. A. (Edward Austin), 1823-1897; usage: E.A. Sheldon; Edward Austin Sheldon)

670 ## - FUENTE EN LA QUE SE LOCALIZARON DATOS

  • Cita de la fuente: Lecciones de cosas : en series graduadas, con nociones de objetos comunes, 1917:
  • Información localizada: portada (E. A. Sheldon)

902 ## - CATALOGADOR

  • Catalogador: Víctor Ruiz/250523